Liga Konferencji Europy- Wszyscy półfinaliści. - Statystyki

Ogólne statystyki
  • Ten quiz został rozwiązany 46 razy
  • Średni wynik to 6 z 12
Statystyki odpowiedzi
sezon odpowiedź % Poprawnych
2021/22 AS Roma
93%
2022/23 ACF Fiorentina
85%
2023/24 AFC Fiorentina
85%
2022/23 West Ham United
85%
2023/24 Olympiakos Pireus
71%
2023/24 Aston Villa
46%
2021/22 Feyenoord Rotterdam
41%
2022/23 FC Basel
29%
2021/22 Olympique Marsylia
29%
2023/24 Club Brugge
22%
2021/22 Leicester City
22%
2022/23 AZ Alkmaar
17%
Nie znaleziono quizów pasujących do podanych kryteriów
Rozkład punktacji
Procent ludzi z każdym wynikiem
Percentyl według liczby udzielonych odpowiedzi
Twoja historia wyników
Nie rozwiązałeś tego quizu